Statistiken für Städte, die mit B beginnen auf einer Weltkarte

Klicken Sie hier um das Quiz zu spielen!

Allgemein

  • Dieses Quiz wurde 13.248 mal gespielt
  • Das Durchschnittsergebnis liegt bei 15 aus 30

Antworten auf der Karte

Die Antworten werden auf der Karte rot bzw. grün angezeigt, abhängig davon wie oft sie richtig erraten wurden.
 

Antwortstatistiken

Stadt% Korrekt
Berlin
97%
Brüssel
87%
Barcelona
82%
Brasilia
82%
Boston
73%
Budapest
72%
Buenos Aires
70%
Bukarest
70%
Birmingham
68%
Belgrad
61%
Bogotá
60%
Bangkok
58%
Bagdad
57%
Bordeaux
54%
Bergen
53%
Baku
51%
Beirut
49%
Brisbane
49%
Bologna
44%
Baltimore
32%
Bischkek
30%
Belo Horizonte
29%
Brazzaville
29%
Bamako
28%
Bloemfontein
24%
Busan
24%
Bengaluru
23%
Belém
15%
Bandung
10%
Barranquilla
9%

Verteilung der Resultate

Perzentil nach korrekt beantworteten Fragen

Anzahl Personen mit jedem Resultat

Ihre Resultats-Entwicklung

Sie haben dieses Quiz noch nicht gespielt